Missing Word: '90s Song Titles Quiz Stats

Quiz Updated Mar 5, 2016

Challenge
Share
Tweet
Embed
Score 0/22 Timer 02:00
0 Plays Today
Song Missing Word % Correct
Baby One ____ TimeMore
98.9%
Ice Ice ____Baby
96%
Livin' La Vida ____Loca
94.6%
Smells Like ____ SpiritTeen
93.4%
U Can't ____ ThisTouch
91.5%
Baby Got ____Back
85.7%
Gettin' ____ With ItJiggy
85.5%
____ In A BottleGenie
81.1%
Gangsta's ____Paradise
76.3%
Tearin' Up My ____Heart
72.3%
Losing My ____Religion
71.1%
Song Missing Word % Correct
I'm Too ___Sexy
68.3%
____ The BridgeUnder
65.4%
Bittersweet ____Symphony
62.9%
____ Hole SunBlack
56%
Semi-____ LifeCharmed
51.8%
You ____ KnowOughta
49.6%
____ Into MeCrash
44.6%
Gonna Make You ____Sweat
41.9%
____ Is in the HeartGroove
33%
____ LoveCalifornia
27.8%
Big ____Poppa
27.4%

Today's Daily Dose

Missing Word
For Dummies Books

Word Ladder
Ariana Grande

Quick Pick
1970s Authors

On This Day
June 21st II

You're not logged in!

Compare scores with friends on all Sporcle quizzes.
Join for Free
OR
Log In

You Might Also Like...

Show Comments

Extras

Top Quizzes Today


Score Distribution

Your Account Isn't Verified!

In order to create a playlist on Sporcle, you need to verify the email address you used during registration. Go to your Sporcle Settings to finish the process.

Report this User

Report this user for behavior that violates our Community Guidelines.

Details: